000 00335nam a2200133Ia 4500
008 240624s9999 xx 000 0 und d
041 _aeng
082 _a823 BAG
100 _aBAGCHI SUBROTO
245 _aMBA AT 16 A TEENAGER S GUIDE TO BUSINESS
260 _c2012
_aNew Delhi
_bPenguin India
300 _a184 : p.
365 _cRS
_b25
999 _c19245
_d19245